000 00512nam a2200181Ia 4500
005 20250508160448.0
008 008 250505s9999 xx 000 0 eng d
037 _aTextual
040 _aFEDL
_beng
_cFEDL
041 _aeng
_2eng
084 _a546, SON
_qFEDL
100 _aSoni P L
_9636002
245 0 _aTextbook of organic chemistry : For degree students
260 _aDelhi, India
_bSultan Chand and Sons
_c1969
300 _a875p.
942 _cTEXL
_h546, SON
999 _c1364747
_d1364747